Top 15 Oce Fortnite pros - Statistics

General Stats
  • This quiz has been taken 31 times
  • The average score is 7 of 15
Answer Stats
Answer % Correct
Alex
100%
Looter
87%
Worthy
87%
Volx
78%
Anon
57%
Oatley
52%
Muz
48%
Resignz
48%
Aspect
43%
Cazi
43%
Danath
30%
Vazen
26%
Alecc
17%
Sorif
4%
Rise
0%
No matching quizzes found
Score Distribution
Percent of People with Each Score
Percentile by Number Answered
Your Score History
You have not taken this quiz